Normal view
MARC view
- Pubblicazioni del D.AR.FI.CL.ET.,
Entry Uniform Title
001 - CONTROL NUMBER
- control field: 11266
003 - CONTROL NUMBER IDENTIFIER
- control field: NUST
005 - DATE AND TIME OF LATEST TRANSACTION
- control field: 20180626052519.0
008 - FIXED-LENGTH DATA ELEMENTS
- fixed length control field: 180626|| aca||aabn | a|a d
040 ## - CATALOGING SOURCE
- Original cataloging agency: NUST
- Transcribing agency: NUST
130 ## - HEADING--UNIFORM TITLE
- Uniform title: Pubblicazioni del D.AR.FI.CL.ET.,
- General subdivision: 0025-0852 ;
- Form subdivision: nuova ser., 157
670 ## - SOURCE DATA FOUND
- Source citation: Work cat.: (NUST)48226: Jones, Vernon V. S. 11264, Aesopi fabulae /, 1994.
